00413cam a2200157ua 45000010005000000080039000050400009000440820013000531000027000662450050000932500009001432600044001523000016001966530018002126530025002303972111212n ii |||gr||||Z||||||asm cMAIN a891.45111 aSarmah, Bibhuti Kumar,11aKencha matir gundha cby Bibhuti Kumar Sarmah a1st. aDuliajan:bBhaskar jyoti sarmah,c2002. a58p:c23cm. aAssamese poem aKencha matir gundha